Scenario planning in organizations how to create, use, and assess scenarios

Salvato in:
Dettagli Bibliografici
Autore principale: Chermack, Thomas J.
Natura: Libro
Lingua:inglese
Pubblicazione: Oakland Berrett-Koehler Publishers 2011
Soggetti:
Tags: Aggiungi Tag
Nessun Tag, puoi essere il primo ad aggiungerne!!

MARC

LEADER 00000nam a2200000 4500
001 0234986
005 20240306140430.9
020 |a 978-1-60509-413-7 
041 0 |a eng 
044 |a US 
245 1 0 |a Scenario planning in organizations  |b how to create, use, and assess scenarios  |c Thomas J. Chermack 
264 1 |a Oakland  |b Berrett-Koehler Publishers  |c 2011 
300 |a xx, 272 s. 
610 2 0 |a plánovanie podnikové 
610 2 0 |a plánovanie projektové 
610 2 0 |a projekty 
610 2 0 |a plánovanie strategické 
610 2 0 |a plán podnikový 
610 2 0 |a plán strategický 
100 1 |a Chermack, Thomas J.